书目信息 |
| 题名: |
复数
|
|
| 作者: | 克劳伏尔德 著 ;曾宪源 , 蔡上鹤 译 | |
| 分册: | ||
| 出版信息: | 北京 文化教育出版社 1981 |
|
| 页数: | 94页 | |
| 开本: | 19cm | |
| 丛书名: | ||
| 单 册: | ||
| 中图分类: | O122 , G633.6 | |
| 科图分类: | ||
| 主题词: | 复数 , 教育--各级 | |
| 电子资源: | ||
| ISBN: | ||
| 000 | 00694nam0 2200265 450 | |
| 001 | 1558183425 | |
| 005 | 20150127161216.23 | |
| 010 | @dCNY0.25 | |
| 091 | @a7057.043 | |
| 100 | @a19950704d1981 em y0chiy0110 ea | |
| 101 | 0 | @achi |
| 102 | @aCN@b110000 | |
| 105 | @ay z 000yy | |
| 200 | 1 | @a复数@9fu shu@f(英)克劳伏尔德著@g曾宪源, 蔡上鹤译 |
| 210 | @a北京@c文化教育出版社@d1981 | |
| 215 | @a94页@d19cm | |
| 606 | 0 | @a复数 |
| 606 | 0 | @a教育@x各级 |
| 690 | @aO122@v5 | |
| 690 | @aG633.6@v4 | |
| 701 | 1 | @a克劳伏尔德@9ke lao fu er de@4著 |
| 702 | 0 | @a曾宪源@9zeng xian yuan@4译 |
| 702 | 0 | @a蔡上鹤@9cai shang he@4译 |
| 801 | 0 | @aCN@bTSSF@c20150127 |
| 905 | @aZUCC@dG633.6@eJY142 | |
| 复数/(英)克劳伏尔德著/曾宪源, 蔡上鹤译.-北京:文化教育出版社,1981 |
| 94页;19cm |
| ISBN :CNY0.25 |
| ● |
| 相关链接 |
|
|
|
|
正题名:复数
索取号:G633.6/JY142
 
预约/预借
| 序号 | 登录号 | 条形码 | 馆藏地/架位号 | 状态 | 备注 |
| 1 | 7863546 | 278635461 | 学院路分馆/ [索取号:G633.6/JY142] | 在馆 |